|
|
|
|
| LEADER |
00000naa a2200000 a 4500 |
| 001 |
vtls011846401 |
| 003 |
SK-MaSNL |
| 005 |
20260302133506.0 |
| 008 |
210910|1999 xo |||||||||||||||||eng| |
| 015 |
|
|
|a SNBCL
|
| 035 |
|
|
|a (urnnbn)urn:nbn:sk:snk:ar-008qqe
|
| 035 |
|
|
|a urn:nbn:sk:snk-aaw2hg
|
| 035 |
|
|
|a (uuid)b758d618-dd8e-4d64-a83c-6478c41e2c85
|
| 040 |
|
|
|a SNKBUCL
|b slo
|c SNKBUCL
|e AACR2
|
| 041 |
|
|
|a eng
|
| 044 |
|
|
|a xo
|c SK
|
| 100 |
1 |
|
|a Šuták, Martin,
|d 1981-
|4 aut
|9 110474
|
| 245 |
1 |
0 |
|a DATABASE SYSTEMS IN INFORMATION SYSTEMS
|c Martin Šuták
|
| 336 |
|
|
|a text
|b txt
|c rdacontent
|
| 337 |
|
|
|a bez média
|b n
|c rdamedia
|
| 338 |
|
|
|a zväzok
|b nc
|c rdacarrier
|
| 655 |
|
7 |
|a články zo zborníkov
|2 snkbucl
|9 166140
|
| 773 |
0 |
|
|t ELEKTRO '99
|d Žilina : University of Žilina, 1999
|g S. 89-93
|z 8071006041
|
| 958 |
|
|
|a OND
|
| 958 |
|
|
|a article26
|
| 958 |
|
|
|a chapter
|
| 999 |
|
|
|c 1317049
|d 1318979
|